[Event "Krakow Malopolski-chB"]
[Site "Krakow"]
[Date "2014.05.03"]
[Round "7"]
[White "Czarkowski, Tomasz"]
[Black "Stanuch, Marcin"]
[Result "1-0"]
[WhiteElo "1645"]
[BlackElo "1605"]
[PlyCount "75"]
[EventDate "2014.04.27"]
[EventType "swiss"]
[EventRounds "9"]
[EventCountry "POL"]
[SourceTitle "CBM 160 Extra"]
[Source "ChessBase"]
[SourceDate "2014.07.01"]
[SourceVersion "1"]
[SourceVersionDate "2014.07.01"]
[SourceQuality "1"]

1. d4 Nf6 2. c4 g6 3. Bf4 Bg7 4. Nc3 d6 5. Nf3 0-0 6. h3 c6 7. e3 Qb6 8. Qc2 Re8 9. a3 a5 10. c5 Qd8 11. Na4 Ra7 12. cxd6 exd6 13. Bd3 b5 14. Nc3 Be6 15. 0-0 a4 16. Nd2 Nh5 17. Bh2 d5 18. Na2 Qb6 19. Rac1 Bd7 20. Nf3 Na6 21. Ne5 Bxe5 22. Bxe5 Ng7 23. e4 Raa8 24. exd5 cxd5 25. Nc3 Qb7 26. Rfe1 Re6 27. Nxd5 Rc8 28. Nc3 Rce8 29. Be4 Qc8 30. Bd5 Rb6 31. Ne4 Qxc2 32. Rxc2 Bf5 33. Rc6 Rxc6 34. Bxc6 Re6 35. Nf6+ Kh8 36. d5 Re7 37. d6 Ra7 38. Ne8 1-0